Score 0/291 Timer 20:00
1 Play Today
Answer % Correct
a
98.6%
the
98.6%
and
98.6%
the
98.6%
'THE
98.6%
AND
98.6%
THE
98.6%
AND
98.6%
THE
98.6%
AND
98.6%
THE
98.6%
a
98.6%
'the
98.6%
the
98.6%
a
98.6%
the-
98.6%
the
98.6%
'The
98.6%
the
98.6%
I
98.4%
'I
98.4%
I
98.4%
He
98.2%
HE
98.2%
He-
98.2%
Harry
98.1%
Harry.
98.1%
Harry
98.1%
Harry
98.1%
Harry
98.1%
her
97.5%
her
97.5%
her
97.5%
Her
97.5%
her
97.5%
her
97.5%
her.
97.5%
her.
97.5%
to
96.3%
to
96.3%
to
96.3%
to
96.3%
TO
96.3%
TO
96.3%
to
96.3%
to
96.3%
to
96.3%
to
96.3%
to
96.3%
Be-
95.4%
WILL
93.6%
WILL
93.6%
WILL
93.6%
WILL
93.6%
said
93.5%
said
93.5%
said
93.5%
said
93.5%
you
93.3%
'You-
93.3%
you
93.3%
Who-
93.3%
you
93.3%
You
93.3%
you
93.3%
Trelawney
93.1%
Trelawney
93.1%
Trelawney
93.1%
HIS
93.1%
HIS
93.1%
HIS
93.1%
HIS
93.1%
HIS
93.1%
his
93.1%
Trelawney
93.1%
Not-
93.1%
not
93.1%
as
92.4%
as
92.4%
as
92.4%
Professor
92%
in
92%
Professor
92%
in
92%
Professor
92%
in
92%
Professor
92%
Professor
92%
so
92%
Professor
92%
him.
91.9%
him.
91.9%
'IT
91.3%
was
91.3%
of
91.3%
of
91.3%
WAS.
91.3%
Answer % Correct
of
91.3%
of
91.3%
it!
91.3%
She
91%
she
91%
She
91%
she
91%
DARK
90.8%
LORD
90.8%
DARK
90.8%
LORD
90.8%
Dark
90.8%
Dark
90.8%
Lord?
90.8%
Dark
90.8%
Lord-'
90.8%
Must-
90.6%
must
90.6%
that
90.3%
that
90.3%
that!'
90.3%
at
89.9%
at
89.9%
go
89.8%
'Is
89.2%
eyes
88.5%
eyes
88.5%
have
88.5%
have
88.5%
me
87.5%
my
86.7%
My
86.7%
looked
86.6%
looked
86.6%
Named?
86.4%
just
86.2%
just
86.2%
for
85.7%
there
85.3%
there,
85.3%
there,
85.3%
there
85.3%
But
84.5%
'But
84.5%
HAPPEN
84.3%
again.
83.7%
AGAIN
83.7%
again.
83.7%
again...
83.7%
again
83.7%
SERVANT
83.6%
SERVANT
83.6%
SERVANT
83.6%
TONIGHT.'
83.4%
TONIGHT,
83.4%
RISE
83.4%
TONIGHT...
83.4%
rise
83.4%
Rise
83.4%
MORE
82.5%
dear
82.5%
dear?'
82.5%
dear
82.5%
dear.
82.5%
HAS
82.3%
THAN
82.2%
told
82.2%
voice,
82%
were
81.6%
then
81.6%
Then,
81.6%
didn't
81.3%
WITH
81.1%
back
81.1%
had
80.7%
some
80.7%
though
80.2%
EVER
80.2%
'I'm
80.2%
going
80%
going
80%
think
79.9%
MASTER.
79.5%
MASTER...'
79.5%
off
79.3%
off,
79.3%
seem
79.2%
would
78.6%
anything
77.9%
anything
77.9%
hear
77.7%
boy,'
76.5%
boy,
76.5%
too,
76.5%
'S-sorry?'
76%
BEEN
76%
sorry,
76%
Answer % Correct
up
75.3%
Trelawney's
75.1%
Trelawney's
75.1%
about
74.6%
about...
74.6%
Lord's
74.2%
know...
73.9%
The Prisoner of Azkaban
73%
SERVANT'S
71.2%
servant's
71.2%
staring
70.1%
staring
70.1%
spoke
69.8%
something
69.3%
OUT
68.6%
OUT...
68.6%
wrong,
67%
head
66.3%
head
66.3%
BEFORE
64.7%
BEFORE
64.7%
sort
64.5%
sort
64.5%
stood
64.1%
sat
64.1%
sat
64.1%
dozed
63.4%
same
62.5%
that's
62.4%
BY
61.7%
MIDNIGHT,
60.8%
MIDNIGHT...
60.8%
THESE
59.2%
started
59%
YEARS.
58.8%
moment.'
58.1%
around.
55.7%
predict
55.3%
quite
55.1%
quite
55.1%
quite
55.1%
AID,
54.8%
TERRIBLE
54.8%
suddenly,
54.2%
joke
53.4%
gone
52.8%
REJOIN
52.1%
REJOIN...
52.1%
roll.
51.9%
TWELVE
51.9%
FREE
51.8%
SET
51.4%
SET
51.4%
seizure.
49.6%
heat
49.6%
day
49.1%
FOLLOWERS.
47.9%
BREAK
47.9%
onto
45.4%
unlike
44.2%
own.
43.5%
fell
42%
Professor Trelawney's Prediction
41%
indeed-'
40.3%
GREATER
39.8%
ALONE
39.4%
certainly
39.4%
mouth
38.7%
chest.
35.9%
far-fetched
35.9%
made
35.5%
drifted
33.9%
hardly
33.4%
LIES
33.2%
ABANDONED
32.2%
CHAINED
31.8%
forward
31.4%
FRIENDLESS,
29.7%
armchair,
29.5%
presume
29.2%
hospital
28.8%
panic.
28.6%
wing-
28.6%
harsh
28.6%
rigid
28.3%
running
27.9%
thinking
27.6%
snapped
26%
noise.
25.4%
wheeled
20.8%
startled.
20.5%
unfocused,
18.7%
dreamily,
18.7%
sagging.
15.7%
grunting
13.6%
hesitated,
12.2%
thoroughly
11.5%
Remove Ads.
Support Sporcle.
Get the best of Sporcle when you Go Orange. This ad-free experience offers more features, more stats, and more fun while also helping to support Sporcle. Thank you for becoming a member.

You're not logged in!

Compare scores with friends on all Sporcle quizzes.
OR
Log In

Show Comments

Extras

Top Quizzes Today


Score Distribution

Your Account Isn't Verified!

In order to create a playlist on Sporcle, you need to verify the email address you used during registration. Go to your Sporcle Settings to finish the process.

Report this User

Report this user for behavior that violates our Community Guidelines.

Details: